LEADER 00958nam0-22003011i-450- 001 990002879530403321 035 $a000287953 035 $aFED01000287953 035 $a(Aleph)000287953FED01 035 $a000287953 100 $a20000920d1994----km-y0itay50------ba 101 0 $aITA 200 1 $aIndagine 1991 sugli sbocchi professionali dei laureati$fIstituto Nazionale di Statistica 210 $aRoma$cIstat$d1994 215 $a232 p.$d25 cm 225 1 $aCollana d'informazione$fIstat$v 610 0 $aItalia$astatistiche dell'istruzione universitaria$a1991 610 0 $aItalia$aindagine sugli sbocchi professionali dei laureati$a1991 676 $a373.2 700 1$aIstat$0445627 801 0$aIT$bUNINA$gRICA$2UNIMARC 901 $aBK 912 $a990002879530403321 952 $aC-D-I-CI-01-94-Pos-2$b3302$fMAS 959 $aMAS 996 $aIndagine 1991 sugli sbocchi professionali dei laureati$9416163 997 $aUNINA DB $aING01 LEADER 01083nam--2200361---450- 001 990002035870203316 005 20050715121747.0 035 $a000203587 035 $aUSA01000203587 035 $a(ALEPH)000203587USA01 035 $a000203587 100 $a20040929d1969----km-y0itay0103----ba 101 0 $aeng 102 $aGB 105 $a||||||||001yy 200 1 $a"H"$ea play$fby Charles Wood being monologues at Front of Burning cities$gwith preface by Michael Edwardes 210 $aLondon$cMethuen & Co.$d1969 215 $a191 p.$d19 cm 225 2 $a<> Methuen Modern Play 410 0$12001$a<> Methuen Modern Play 454 1$12001 461 1$1001-------$12001 700 1$aWOOD,$bCharles$0566634 702 1$aEDWARDES,$bMichael 801 0$aIT$bsalbc$gISBD 912 $a990002035870203316 951 $aVII.3.A. 1727(II i A coll. 19/1)$b78398 L.M.$cII i A coll. 19/1 959 $aBK 969 $aUMA 979 $aSIAVPROV$b10$c20040929$lUSA01$h1208 979 $aCOPAT3$b90$c20050715$lUSA01$h1217 996 $a"H"$91040184 997 $aUNISA